<?xml version="1.0" encoding="UTF-8"?>
<record
    xmlns:xsi="http://www.w3.org/2001/XMLSchema-instance"
    xsi:schemaLocation="http://www.loc.gov/MARC21/slim http://www.loc.gov/standards/marcxml/schema/MARC21slim.xsd"
    xmlns="http://www.loc.gov/MARC21/slim">

  <leader>00617nam a22001697a 4500</leader>
  <datafield tag="999" ind1=" " ind2=" ">
    <subfield code="c">8166</subfield>
    <subfield code="d">8166</subfield>
  </datafield>
  <controlfield tag="003">AUA.1</controlfield>
  <controlfield tag="005">20191016134140.0</controlfield>
  <controlfield tag="008">121025t        xxu||||| |||| 00| 0 eng d</controlfield>
  <datafield tag="040" ind1=" " ind2=" ">
    <subfield code="c">JTL</subfield>
  </datafield>
  <datafield tag="050" ind1=" " ind2=" ">
    <subfield code="a">MA Lead</subfield>
    <subfield code="b">.U66 2009</subfield>
  </datafield>
  <datafield tag="100" ind1=" " ind2=" ">
    <subfield code="a">Julious Osizimhete Umoru</subfield>
    <subfield code="9">27999</subfield>
  </datafield>
  <datafield tag="245" ind1=" " ind2=" ">
    <subfield code="a">Reducing the Rate of Backsliding Among Church Members in Warri District of the Seventh-Day Adventist Church, Edo-Delta Conference </subfield>
    <subfield code="c">Julious Osizimhete Umoru</subfield>
  </datafield>
  <datafield tag="300" ind1=" " ind2=" ">
    <subfield code="a">96 p.</subfield>
    <subfield code="c">29 cm.</subfield>
  </datafield>
  <datafield tag="650" ind1=" " ind2=" ">
    <subfield code="a">Seventh-day Adventists</subfield>
    <subfield code="9">28000</subfield>
  </datafield>
  <datafield tag="650" ind1=" " ind2=" ">
    <subfield code="a">Backsliding reduction</subfield>
    <subfield code="9">28001</subfield>
  </datafield>
  <datafield tag="942" ind1=" " ind2=" ">
    <subfield code="2">aua</subfield>
    <subfield code="c">PROJECT</subfield>
    <subfield code="h">MA Lead</subfield>
    <subfield code="i">.U66 2009</subfield>
  </datafield>
  <datafield tag="952" ind1=" " ind2=" ">
    <subfield code="0">0</subfield>
    <subfield code="1">0</subfield>
    <subfield code="2">aua</subfield>
    <subfield code="4">0</subfield>
    <subfield code="7">0</subfield>
    <subfield code="8">JTL Research Collection</subfield>
    <subfield code="a">AUA.1</subfield>
    <subfield code="b">AUA.1</subfield>
    <subfield code="c">RESC</subfield>
    <subfield code="d">2012-10-25</subfield>
    <subfield code="e">AUA RESEARCH DEPARTMENT</subfield>
    <subfield code="g">15.00</subfield>
    <subfield code="h">AUA011195</subfield>
    <subfield code="l">1</subfield>
    <subfield code="o">MA Lead .U66 2009</subfield>
    <subfield code="p">AUA011195</subfield>
    <subfield code="r">2012-11-14 00:00:00</subfield>
    <subfield code="s">2012-11-14</subfield>
    <subfield code="v">15.00</subfield>
    <subfield code="w">2012-10-25</subfield>
    <subfield code="y">PROJECT</subfield>
  </datafield>
  <datafield tag="952" ind1=" " ind2=" ">
    <subfield code="0">0</subfield>
    <subfield code="1">0</subfield>
    <subfield code="2">aua</subfield>
    <subfield code="4">0</subfield>
    <subfield code="7">0</subfield>
    <subfield code="8">JTL Research Collection</subfield>
    <subfield code="a">AUA.1</subfield>
    <subfield code="b">AUA.1</subfield>
    <subfield code="c">RESC</subfield>
    <subfield code="d">2012-10-25</subfield>
    <subfield code="e">AUA RESEARCH DEPARTMENT</subfield>
    <subfield code="g">15.00</subfield>
    <subfield code="h">AUA011196</subfield>
    <subfield code="o">MA Lead .U66 2009</subfield>
    <subfield code="p">AUA011196</subfield>
    <subfield code="r">2012-10-25 00:00:00</subfield>
    <subfield code="t">2</subfield>
    <subfield code="v">15.00</subfield>
    <subfield code="w">2012-10-25</subfield>
    <subfield code="y">PROJECT</subfield>
  </datafield>
</record>
